000 00627nam a2200193 a 4500
001 000016627
005 20200929164935.0
008 100308s1991 dr a 000 0 spa d
040 _aDO-SdBNP
082 _axxx
_bS211e
100 1 _aSánchez Roa, Adriano
_98496
245 1 0 _aFMI, agricultura y pobreza /
_cAdriano Sánchez Roa.
260 _aSanto Domingo :
_bCorripio,
_c1991.
300 _a112 p. :
_bil. ;
_c24 cm.
500 _aIncluye datos biográficos del autor en la contracubierta
500 _aIncluye notas al pie de las páginas
504 _aIncluye referencias bibliográficas ( p. 105-107)
049 _aBNPD
999 _c16160
_d16160